000 00563nam a2200181 4500
999 _c1541
_d1541
008 160404b xxu||||| |||| 00| 0 eng d
020 _a9789810698874
082 _22009
_aDC 642
_bM47
100 _94770
_aMcWilliams, Margaret
245 _aFundamentals of meal management/
_cMargaret McWilliams.
250 _aFifth Edition
260 _aNew Jersey:
_bPrentice Hall,
_cc2009.
300 _axvii, 326 pages:
_billustrations;
_c24 cm.
500 _aIncludes appendices and index.
650 0 _94772
_aMeal planning
650 0 _94773
_aMenus
942 _2ddc
_cDC